| 000 | 01939nam a2200493 i 4500 | ||
|---|---|---|---|
| 001 | 1407 | ||
| 003 | KOSZ 005 | ||
| 005 | 20220802100344.0 | ||
| 008 | 220802s1979 pl a f 000 0 pol d | ||
| 040 |
_aKOSZ 005 _cKOSZ 005/RW |
||
| 041 | 1 |
_apol _hger |
|
| 046 | _k1976 | ||
| 080 | _a666.9 | ||
| 080 | _a624.012.4 | ||
| 080 | _a539.3 | ||
| 100 | 1 |
_aRüsch, Hubert _eAutor |
|
| 245 | 1 | 0 |
_aSkurcz i pełzanie w konstrukcjach betonowych / _cHubert Rüsch, Dieter Jungwirth ; tłumaczył z niemieckiego Roman Czarnota-Bojarski. |
| 246 | 3 | 1 |
_iTytuł orginału: _aStahlbeton, Spannbeton Bd. 2, Berücksichtigung der Einflüsse von Kriechen und Schwinden auf das Verhalten der Tragwerke |
| 250 | _aWydanie I. | ||
| 260 |
_aWarszawa : _bArkady, _c1979. |
||
| 300 |
_a295, [1] stron : _bilustracje ; _c25 cm. |
||
| 336 |
_aTekst _btxt _2rdacontent |
||
| 337 |
_aBez urządzenia pośredniczącego _bn _2rdamedia |
||
| 338 |
_aWolumin _bnc _2rdacarrier |
||
| 380 | _aKsiążki | ||
| 380 | _aPublikacje fachowe | ||
| 380 | _aPublikacje naukowe | ||
| 388 | 1 | _a1901-2000 | |
| 388 | 1 | _a1945-1989 | |
| 504 | _aBibliografia przy rozdziałach. | ||
| 521 | 8 | _aKsiążka przeznaczona jest dla inżynierów projektantów, może być także wykorzystana przez pracowników naukowych interesujących się zagadnieniami reologii betonu. | |
| 650 | 7 | _aBeton | |
| 650 | 7 | _aKonstrukcje betonowe | |
| 650 | 7 | _aNaprężenia i odkształcenia | |
| 650 | 7 | _aPełzanie (materiałoznawstwo) | |
| 655 | 7 | _aOpracowanie | |
| 658 | _aArchitektura i budownictwo | ||
| 658 | _aInżynieria i technika | ||
| 700 | 1 |
_aJungwirth, Dieter _eAutor |
|
| 700 | 1 |
_aCzarnota-Bojarski, Roman _d(1909-1978) _eTłumaczenie |
|
| 710 | 2 |
_aWydawnictwo Arkady _4pbl |
|
| 856 |
_uhttp://koha.tu.koszalin.pl/cgi-bin/koha/opac-detail.pl?biblionumber=1407 _yKatalog online BPK |
||
| 942 |
_2UKD _cKS |
||
| 999 |
_c1407 _d1407 |
||